| 000 | 01202cam a22003494a 4500 | ||
|---|---|---|---|
| 001 | 12660880 | ||
| 003 | OSt | ||
| 005 | 20150408113926.0 | ||
| 008 | 020129s2002 maua 001 0 eng | ||
| 010 | _a 2002101371 | ||
| 020 | _a0072539194 (v. 1) | ||
| 020 | _a0072470356 (v. 2) | ||
| 035 | _a(DLC) 2002101371 | ||
| 040 |
_aDLC _cDLC _dDLC |
||
| 042 | _apcc | ||
| 050 | 0 | 0 |
_aHF5548.4.M525 _bM5375 2002b |
| 082 | 0 | 0 |
_a005.369 _221 |
| 245 | 0 | 0 |
_aMicrosoft Office XP / _cStephen Haag ... [et al.]. |
| 260 |
_aBoston, MA : _bMcGraw-Hill/Irwin, _c2002. |
||
| 300 |
_a2 v. : _bcol. ill. ; _c28 cm. |
||
| 440 | 4 |
_aThe I-series _94989 |
|
| 500 | _a"Volume I expanded." | ||
| 500 | _aIncludes index. | ||
| 630 | 0 | 0 |
_aMicrosoft Office. _93981 |
| 650 | 0 |
_aBusiness _xComputer programs. _93982 |
|
| 700 | 1 |
_aHaag, Stephen. _94023 |
|
| 856 | 4 | 2 |
_3Publisher description _uhttp://www.loc.gov/catdir/description/mh024/2002101371.html |
| 856 | 4 | 1 |
_3Table of contents _uhttp://www.loc.gov/catdir/toc/mh023/2002101371.html |
| 942 |
_2ddc _cBOOK |
||
| 999 |
_c15517 _d250017 |
||